00656nam a22002177a 450000500170000001000230001702000260004002000320006603500170009803500140011503500130012903700160014203700130015808200110017110000210018224501000020326000370030327000580034030000210039850000190041920170731142843.0 a1617EN ENG-117245 a9781471129452c799.00 a9781471129469c599.00 (AV) aB-649038-046 aEN-100777 aB-667294 adpl bAakar bDBAD/PUB a954.08 aMount, Ferdinand aThe tears of the rajas : cby Ferdinand Mount bmutiny, money and marriage in India 1805-1905 / aLondon bSimon & Schuster c2015 aFirst Floor, 222 Gray's Inn Road, bLondon eWCIX 8HB a773p. c23cm(hb) aIncludes index